[Event "Vrsar op"]
[Site "Vrsar"]
[Date "2023.04.29"]
[Round "7"]
[White "Lukas Oven, Leonard"]
[Black "Wittmann, Paul"]
[Result "0-1"]
[WhiteElo "1138"]
[BlackElo "1600"]
[PlyCount "76"]
[EventDate "2023.04.25"]
[EventType "swiss"]
[EventRounds "9"]
[EventCountry "CRO"]
[SourceTitle "CBM 214 Extra"]
[Source "ChessBase"]
[SourceDate "2023.07.31"]
[SourceVersion "1"]
[SourceVersionDate "2023.07.31"]
[SourceQuality "1"]

1. e4 c6 2. d4 d5 3. exd5 cxd5 4. Bd3 Nc6 5. c3 Nf6 6. h3 g6 7. Nf3 Bg7 8. 0-0 0-0 9. Re1 Bf5 10. Bxf5 gxf5 11. Nbd2 e6 12. Ne5 Qc7 13. Ndf3 Kh8 14. Bf4 Nxe5 15. Nxe5 Qe7 16. Qd2 Rg8 17. Bg5 Qc7 18. Bf4 Qe7 19. Bg5 Qc7 20. Bxf6 Bxf6 21. Qf4 Qe7 22. Rad1 Bg5 23. Qf3 Rg7 24. Qh5 Rag8 25. Rd3 f6 26. Nf3 Bf4 27. g3 Bc7 28. Nh4 Qd6 29. Qf3 f4 30. Kh2 fxg3+ 31. fxg3 Rxg3 32. Qxf6+ R3g7+ 33. Re5 Rf8 34. Qh6 Rf2+ 35. Kh1 Qf8 36. Ng6+ Rxg6 37. Qxf8+ Rxf8 38. Re1 Rf2 0-1

[Event "Mittelfranken-chTB1 1819"]
[Site "Mittelfranken"]
[Date "2019.03.31"]
[Round "8.5"]
[White "Reinholz, Benjamin"]
[Black "Wittmann, Paul"]
[Result "0-1"]
[WhiteElo "1970"]
[BlackElo "1993"]
[PlyCount "66"]
[EventDate "2018.10.14"]
[EventType "team-tourn"]
[EventRounds "9"]
[EventCountry "GER"]
[SourceTitle "EXT 2022"]
[Source "ChessBase"]
[SourceDate "2021.10.06"]
[SourceVersion "1"]
[SourceVersionDate "2021.10.06"]
[SourceQuality "1"]
[WhiteTeam "Erlangen SC III"]
[BlackTeam "Nuernberg Zabo Eintracht"]
[WhiteTeamCountry "GER"]
[BlackTeamCountry "GER"]

1. e4 c6 2. d4 d5 3. exd5 cxd5 4. Nf3 Nc6 5. Bb5 Nf6 6. 0-0 Bg4 7. Bxc6+ bxc6 8. b3 e6 9. c4 Be7 10. c5 0-0 11. Re1 Ne4 12. Nbd2 f5 13. Qc2 Bf6 14. Bb2 Qc7 15. b4 Bh5 16. Re3 g5 17. Rb3 a6 18. Rb1 Bg6 19. Re1 g4 20. Ne5 Bxe5 21. dxe5 f4 22. Qd1 f3 23. gxf3 Nxd2 24. Qxd2 gxf3 25. Kh1 Rf5 26. Rg1 Raf8 27. Ra3 Rh5 28. Rg5 Rxg5 29. Qxg5 Qb7 30. Bc3 Qb5 31. h4 Qf1+ 32. Qg1 Qc4 33. Qg3 Rf4 0-1

[Event "Mittelfranken-chTB1 1718"]
[Site "Mittelfranken"]
[Date "2017.11.19"]
[Round "3.3"]
[White "Wittmann, Paul"]
[Black "Fischer, Gerd"]
[Result "1-0"]
[WhiteElo "2010"]
[BlackElo "1982"]
[PlyCount "81"]
[EventDate "2017.10.08"]
[EventType "team-tourn"]
[EventRounds "9"]
[EventCountry "GER"]
[SourceTitle "EXT 2022"]
[Source "ChessBase"]
[SourceDate "2021.10.06"]
[SourceVersion "1"]
[SourceVersionDate "2021.10.06"]
[SourceQuality "1"]
[WhiteTeam "Nuernberg Zabo Eintracht"]
[BlackTeam "Gunzenhausen"]
[WhiteTeamCountry "GER"]
[BlackTeamCountry "GER"]

1. d4 d5 2. Bg5 Nf6 3. Bxf6 gxf6 4. c4 dxc4 5. e3 Be6 6. Nc3 c6 7. Nge2 b5 8. Nf4 Bd7 9. Qh5 Na6 10. Be2 e6 11. 0-0 Bd6 12. a4 Nc7 13. axb5 Bxf4 14. exf4 Nd5 15. Bf3 f5 16. Qh6 Rc8 17. bxc6 Bxc6 18. Nxd5 Bxd5 19. Qg7 Rf8 20. Bxd5 Qxd5 21. Rxa7 Ra8 22. Rfa1 Rxa7 23. Rxa7 Qe4 24. g3 Qe1+ 25. Kg2 Qe4+ 26. Kh3 Qd5 27. Qf6 Qd8 28. Qe5 Qb6 29. Qc5 Qxc5 30. dxc5 Kd8 31. Ra4 c3 32. bxc3 Kc7 33. Ra7+ Kc6 34. Kh4 h6 35. Kh5 Kxc5 36. h4 Kc4 37. Kxh6 Rd8 38. Kg7 Rd2 39. Kxf7 Rxf2 40. Kxe6 Rf3 41. Rg7 1-0

[Event "Mittelfranken-chTB1 1718"]
[Site "Mittelfranken"]
[Date "2017.10.29"]
[Round "2.3"]
[White "Boese, Klaus"]
[Black "Wittmann, Paul"]
[Result "1/2-1/2"]
[WhiteElo "1916"]
[BlackElo "2010"]
[PlyCount "177"]
[EventDate "2017.10.08"]
[EventType "team-tourn"]
[EventRounds "9"]
[EventCountry "GER"]
[SourceTitle "EXT 2022"]
[Source "ChessBase"]
[SourceDate "2021.10.06"]
[SourceVersion "1"]
[SourceVersionDate "2021.10.06"]
[SourceQuality "1"]
[WhiteTeam "Bechhofen"]
[BlackTeam "Nuernberg Zabo Eintracht"]
[WhiteTeamCountry "GER"]
[BlackTeamCountry "GER"]

1. d4 d5 2. c4 c6 3. cxd5 cxd5 4. Nc3 Nf6 5. Bf4 Nc6 6. e3 a6 7. a3 Bg4 8. Be2 Bxe2 9. Ngxe2 e6 10. 0-0 Be7 11. h3 b5 12. Nc1 0-0 13. Nd3 Qb6 14. b4 a5 15. Qb3 axb4 16. axb4 Rfc8 17. Rfb1 h6 18. Ra3 Rxa3 19. Qxa3 Nxd4 20. Nc5 Bxc5 21. bxc5 Qxc5 22. Qxc5 Rxc5 23. exd4 Rxc3 24. Rxb5 Rc4 25. Be3 Rc8 26. Rb7 Ne4 27. Kf1 Nd6 28. Rb3 Nf5 29. Ke2 Rc2+ 30. Kf3 Rc4 31. Rd3 Ra4 32. g4 Nxe3 33. fxe3 g5 34. Rb3 Ra2 35. Rc3 Kg7 36. Rb3 Kg6 37. Rb8 Ra3 38. Rb6 Ra1 39. Rc6 Ra7 40. Kg3 Rb7 41. Kf3 Re7 42. Rc8 Ra7 43. Re8 Ra6 44. Rg8+ Kh7 45. Rd8 Kg7 46. Re8 Rd6 47. Ra8 f6 48. Ra7+ Kg6 49. Ra8 e5 50. Ra4 e4+ 51. Kg3 h5 52. Ra5 h4+ 53. Kg2 Kf7 54. Kf2 Ke6 55. Ra8 Rb6 56. Ra2 Rc6 57. Kg2 f5 58. gxf5+ Kxf5 59. Rb2 g4 60. Rf2+ Kg5 61. hxg4 Kxg4 62. Rf4+ Kg5 63. Rf8 Rc3 64. Rg8+ Kf6 65. Kf2 Rc2+ 66. Kf1 h3 67. Kg1 Re2 68. Rg3 Kf5 69. Rxh3 Kg4 70. Rh8 Kg3 71. Kf1 Rxe3 72. Rd8 Kf3 73. Rxd5 Rd3 74. Rf5+ Ke3 75. Ke1 Rxd4 76. Rh5 Ra4 77. Rh3+ Kf4 78. Ke2 Ra2+ 79. Ke1 Rg2 80. Kf1 Ra2 81. Ke1 Rb2 82. Rh4+ Ke3 83. Rh3+ Kd4 84. Rg3 Rb1+ 85. Ke2 Rh1 86. Ra3 Ke5 87. Ra8 Rh2+ 88. Ke3 Rh3+ 89. Ke2 1/2-1/2

[Event "Mittelfranken-chTB1 1617"]
[Site "Mittelfranken"]
[Date "2017.03.05"]
[Round "7.1"]
[White "Scheremet, Michael"]
[Black "Wittmann, Paul"]
[Result "1-0"]
[WhiteElo "2183"]
[BlackElo "2016"]
[PlyCount "25"]
[EventDate "2016.10.23"]
[EventType "team-tourn"]
[EventRounds "9"]
[EventCountry "GER"]
[SourceTitle "EXT 2022"]
[Source "ChessBase"]
[SourceDate "2021.10.06"]
[SourceVersion "1"]
[SourceVersionDate "2021.10.06"]
[SourceQuality "1"]
[WhiteTeam "Postbauer Heng"]
[BlackTeam "Nuernberg Zabo Eintracht"]
[WhiteTeamCountry "GER"]
[BlackTeamCountry "GER"]

1. e4 c6 2. d4 d5 3. exd5 cxd5 4. c4 Nf6 5. Nc3 e6 6. Nf3 Bb4 7. Qa4+ Nc6 8. Ne5 Bd7 9. Nxd7 Qxd7 10. a3 Nxd4 11. axb4 dxc4 12. Bxc4 Rc8 13. Bb5 1-0

[Event "Mittelfranken-chTB1 1617"]
[Site "Mittelfranken"]
[Date "2017.02.12"]
[Round "6.1"]
[White "Wittmann, Paul"]
[Black "Fuchs, Gerhard"]
[Result "1/2-1/2"]
[WhiteElo "2016"]
[BlackElo "2047"]
[PlyCount "111"]
[EventDate "2016.10.23"]
[EventType "team-tourn"]
[EventRounds "9"]
[EventCountry "GER"]
[SourceTitle "EXT 2022"]
[Source "ChessBase"]
[SourceDate "2021.10.06"]
[SourceVersion "1"]
[SourceVersionDate "2021.10.06"]
[SourceQuality "1"]
[WhiteTeam "Nuernberg Zabo Eintracht"]
[BlackTeam "Nuernberg SK 1911"]
[WhiteTeamCountry "GER"]
[BlackTeamCountry "GER"]

1. d4 Nf6 2. Nf3 c5 3. c3 e6 4. Bf4 Qb6 5. Qb3 Nc6 6. e3 d5 7. Nbd2 Be7 8. Be2 0-0 9. 0-0 Bd7 10. h3 Rfc8 11. Ne5 Na5 12. Qxb6 axb6 13. Bg5 Be8 14. f4 h6 15. Bh4 b5 16. a3 b4 17. axb4 cxb4 18. c4 dxc4 19. Nexc4 Nxc4 20. Bxc4 Bc6 21. Rfc1 Kf8 22. Bb3 Rxa1 23. Rxa1 Bd5 24. Bxf6 gxf6 25. Bd1 f5 26. Kf2 Bd6 27. g3 f6 28. Ke1 Ke7 29. Nb3 h5 30. h4 e5 31. Rc1 Ra8 32. Ra1 Rc8 33. Ra5 Ke6 34. dxe5 fxe5 35. fxe5 Bxe5 36. Nd4+ Bxd4 37. exd4 Rc4 38. Bxh5 Rxd4 39. Bg6 Kf6 40. h5 Be4 41. Rb5 Rc4 42. Kd1 Kg5 43. Re5 b3 44. Rb5 Kf6 45. g4 Bc2+ 46. Ke1 fxg4 47. Kf2 Bxg6 48. hxg6 Rc2+ 49. Kg3 Rxb2 50. Kxg4 Kxg6 51. Rb6+ Kf7 52. Kf3 Rb1 53. Kg2 b2 54. Rxb7+ Ke6 55. Rb8 Kd6 56. Rb7 1/2-1/2

[Event "Mittelfranken-chTB1 1415"]
[Site "Mittelfranken"]
[Date "2014.09.28"]
[Round "1.2"]
[White "Wittmann, Paul"]
[Black "Ulusoy, Tolga"]
[Result "1-0"]
[WhiteElo "2033"]
[BlackElo "2089"]
[PlyCount "87"]
[EventDate "2014.09.29"]
[EventType "team-tourn"]
[EventRounds "9"]
[EventCountry "GER"]
[SourceTitle "EXT 2020"]
[Source "ChessBase"]
[SourceDate "2019.10.17"]
[SourceVersion "1"]
[SourceVersionDate "2019.10.17"]
[SourceQuality "1"]
[WhiteTeam "Nuernberg Zabo"]
[BlackTeam "Nuernberg NT III"]
[WhiteTeamCountry "GER"]
[BlackTeamCountry "GER"]

1. d4 c5 2. c3 cxd4 3. cxd4 g6 4. Nc3 Bg7 5. Nf3 Nf6 6. Bg5 0-0 7. e3 d6 8. Be2 Qb6 9. Qd2 e6 10. 0-0 a6 11. a3 Bd7 12. b4 Bc6 13. Qb2 Ne4 14. Nxe4 Bxe4 15. Nd2 Bd5 16. Rac1 e5 17. dxe5 dxe5 18. e4 Be6 19. Nc4 Qd4 20. Qxd4 exd4 21. Nb6 Ra7 22. Be7 Re8 23. Bc5 Nc6 24. Nd5 Bxd5 25. exd5 Rxe2 26. dxc6 Ra8 27. cxb7 Rd8 28. Bd6 Ree8 29. Bc7 Rd7 30. b8Q Rxb8 31. Bxb8 d3 32. Rc8+ Bf8 33. Bf4 Kg7 34. Be5+ Kg8 35. Bc3 f5 36. Bd2 Kf7 37. Rfc1 Bd6 38. g3 Kf6 39. R8c6 Ke7 40. Re1+ Kf7 41. Rxa6 Bf8 42. b5 Rd5 43. a4 h5 44. b6 1-0

[Event "Mittelfranken-chTB1 1314"]
[Site "Mittelfranken"]
[Date "2014.03.30"]
[Round "8.1"]
[White "Walter, Thomas"]
[Black "Wittmann, Paul"]
[Result "0-1"]
[WhiteElo "2109"]
[BlackElo "2033"]
[PlyCount "90"]
[EventDate "2013.10.20"]
[EventType "team-tourn"]
[EventRounds "9"]
[EventCountry "GER"]
[SourceTitle "EXT 2020"]
[Source "ChessBase"]
[SourceDate "2019.10.17"]
[SourceVersion "1"]
[SourceVersionDate "2019.10.17"]
[SourceQuality "1"]
[WhiteTeam "Erlangen SC II"]
[BlackTeam "Nuernberg Zabo"]
[WhiteTeamCountry "GER"]
[BlackTeamCountry "GER"]

1. e4 c6 2. d4 d5 3. exd5 cxd5 4. Bd3 Nc6 5. c3 Qc7 6. Ne2 Bg4 7. f3 Bd7 8. Bf4 e5 9. dxe5 Nxe5 10. Bxe5 Qxe5 11. Qb3 Bc5 12. Nd2 Nf6 13. 0-0-0 0-0 14. Rhe1 Rfe8 15. g4 Bf2 16. Rf1 Be3 17. h4 d4 18. Nxd4 Bxd4 19. cxd4 Qxd4 20. Kb1 Ba4 21. Qc4 Qxc4 22. Nxc4 Bxd1 23. Rxd1 Rad8 24. Na5 Kf8 25. Nxb7 Rd5 26. g5 Nh5 27. Be2 Rxd1+ 28. Bxd1 Nf4 29. Nc5 h6 30. Ne4 h5 31. Bb3 Ng2 32. a4 Nxh4 33. Nd6 Re7 34. f4 Rd7 35. Nb5 Nf5 36. a5 Nd4 37. Bc4 Nxb5 38. Bxb5 Rd5 39. Be2 Rxa5 40. Bxh5 Ra4 41. Be2 Rxf4 42. Kc2 Rf2 43. Kd3 Rg2 44. g6 Rxg6 45. b4 Rb6 0-1

[Event "Mittelfranken-chTB1 1314"]
[Site "Mittelfranken"]
[Date "2014.02.16"]
[Round "6.1"]
[White "Manthey, Frank"]
[Black "Wittmann, Paul"]
[Result "1/2-1/2"]
[WhiteElo "2019"]
[BlackElo "2033"]
[PlyCount "86"]
[EventDate "2013.10.20"]
[EventType "team-tourn"]
[EventRounds "9"]
[EventCountry "GER"]
[SourceTitle "EXT 2020"]
[Source "ChessBase"]
[SourceDate "2019.10.17"]
[SourceVersion "1"]
[SourceVersionDate "2019.10.17"]
[SourceQuality "1"]
[WhiteTeam "Schwanstetten"]
[BlackTeam "Nuernberg Zabo"]
[WhiteTeamCountry "GER"]
[BlackTeamCountry "GER"]

1. e4 c6 2. Nc3 d5 3. Nf3 Bg4 4. h3 Bxf3 5. Qxf3 e6 6. g3 Nf6 7. Bg2 dxe4 8. Nxe4 Nxe4 9. Qxe4 Qd5 10. 0-0 Qxe4 11. Bxe4 Nd7 12. d4 Rd8 13. Be3 Nf6 14. Bg2 Nd5 15. Bd2 Nf6 16. c3 Be7 17. f4 0-0 18. Be3 Rd7 19. Bf2 Rc8 20. b4 Nd5 21. Rfc1 g5 22. fxg5 Bxg5 23. Rc2 Be3 24. a3 a5 25. c4 Bxf2+ 26. Kxf2 Ne7 27. Rd2 Rcd8 28. Rad1 axb4 29. axb4 b5 30. cxb5 cxb5 31. Bf1 Nd5 32. Bxb5 Rb7 33. Bc6 Rxb4 34. Bxd5 Rxd5 35. Ke3 Kg7 36. Rd3 Rb2 37. R1d2 Rb7 38. Rc2 Rb1 39. Rc5 Rg1 40. Ke4 Re1+ 41. Re3 Rxe3+ 42. Kxe3 Rd7 43. Ke4 h6 1/2-1/2

[Event "Mittelfranken-chTB1 1314"]
[Site "Mittelfranken"]
[Date "2013.10.20"]
[Round "1.1"]
[White "Sattler, Stefan"]
[Black "Wittmann, Paul"]
[Result "1-0"]
[WhiteElo "2048"]
[BlackElo "2033"]
[PlyCount "101"]
[EventDate "2013.10.20"]
[EventType "team-tourn"]
[EventRounds "9"]
[EventCountry "GER"]
[SourceTitle "EXT 2020"]
[Source "ChessBase"]
[SourceDate "2019.10.17"]
[SourceVersion "1"]
[SourceVersionDate "2019.10.17"]
[SourceQuality "1"]
[WhiteTeam "Herzogenaurach"]
[BlackTeam "Nuernberg Zabo"]
[WhiteTeamCountry "GER"]
[BlackTeamCountry "GER"]

1. d4 d5 2. Nf3 Nf6 3. c4 c6 4. Qc2 e6 5. Bg5 Nbd7 6. e3 Qa5+ 7. Nbd2 Ne4 8. Bh4 g5 9. Bxg5 Bb4 10. Bh4 Rg8 11. a3 Rg4 12. g3 Nf8 13. Qd1 Nxd2 14. Nxd2 Bxd2+ 15. Qxd2 Qxd2+ 16. Kxd2 f5 17. Rc1 Bd7 18. Be2 Rg8 19. f3 Ng6 20. Bg5 Kf7 21. g4 fxg4 22. fxg4 Rg7 23. Rhe1 Rgg8 24. Bf4 Nxf4 25. exf4 h6 26. Ke3 Rae8 27. Rg1 Rh8 28. h4 Kf6 29. g5+ Ke7 30. h5 Ref8 31. b3 Be8 32. Rh1 Rfg8 33. Rcg1 Rg7 34. Rg3 Bf7 35. Rhg1 Kf8 36. g6 Be8 37. Bg4 Bd7 38. Re1 Ke7 39. Kf2 Kf6 40. Rge3 Re8 41. cxd5 cxd5 42. Bh3 Rge7 43. Re5 Rc8 44. R1e3 Rc2+ 45. Kg3 Rd2 46. f5 Rxd4 47. fxe6 Be8 48. Rf5+ Kg7 49. Bg2 b6 50. Rxd5 Rxd5 51. Bxd5 1-0

[Event "Mittelfranken-chTB2a 1213"]
[Site "Germany"]
[Date "2012.10.07"]
[Round "6.2"]
[White "Auth, Bernhard"]
[Black "Wittmann, Paul"]
[Result "1/2-1/2"]
[WhiteElo "1830"]
[BlackElo "2129"]
[PlyCount "141"]
[EventDate "2012.10.07"]
[EventType "team-tourn"]
[EventRounds "9"]
[EventCountry "GER"]
[SourceTitle "EXT 2019"]
[Source "ChessBase"]
[SourceDate "2018.10.10"]
[SourceVersion "1"]
[SourceVersionDate "2018.10.10"]
[SourceQuality "1"]
[WhiteTeam "Bad Windsheim"]
[BlackTeam "Nuernberg Zabo"]
[WhiteTeamCountry "GER"]
[BlackTeamCountry "GER"]

1. d4 d5 2. Nf3 Nf6 3. Bg5 Ne4 4. Bf4 e6 5. e3 Bd6 6. Bxd6 Qxd6 7. c3 0-0 8. Bd3 f5 9. Nbd2 Nd7 10. 0-0 b6 11. c4 Bb7 12. Rc1 c6 13. Qb3 Kh8 14. Rc2 Rf6 15. h3 Rg8 16. Qa3 Qxa3 17. bxa3 g5 18. cxd5 exd5 19. Bxe4 fxe4 20. Nh2 Re8 21. Rc3 c5 22. dxc5 bxc5 23. Nb3 c4 24. Nd4 Rb6 25. Rc2 Ne5 26. Ne2 Bc6 27. Nc3 Reb8 28. f4 exf3 29. Nxf3 Nxf3+ 30. gxf3 Rb2 31. Rff2 Rxc2 32. Rxc2 Kg7 33. Kf2 Kf6 34. Rd2 Ke5 35. f4+ gxf4 36. exf4+ Kxf4 37. Nxd5+ Bxd5 38. Rxd5 Rc8 39. Rd4+ Ke5 40. Ke3 c3 41. Rd1 c2 42. Rc1 h5 43. Kd2 Kf4 44. Rf1+ Kg3 45. Kc1 Kxh3 46. Rf7 a5 47. Rf5 h4 48. Rxa5 Rc4 49. Ra8 Kg3 50. Rg8+ Rg4 51. Rc8 h3 52. Rc3+ Kh4 53. Rxh3+ Kxh3 54. Kxc2 Kg3 55. Kb3 Kf3 56. a4 Ke3 57. a5 Kd3 58. a3 Rh4 59. a4 Rg4 60. a6 Rg6 61. Kb4 Rxa6 62. Kb5 Rg6 63. a5 Rh6 64. a6 Rh8 65. a7 Kc3 66. Kb6 Kb4 67. Kb7 Rh7+ 68. Kb6 Rh8 69. Kb7 Kb5 70. a8Q Rh7+ 71. Kb8 1/2-1/2

[Event "Mittelfranken-chTB2a 1112"]
[Site "Germany"]
[Date "2012.03.11"]
[Round "8.2"]
[White "Wittmann, Paul"]
[Black "Diebel, Guenter"]
[Result "1/2-1/2"]
[WhiteElo "1954"]
[BlackElo "1776"]
[PlyCount "39"]
[EventDate "2011.09.25"]
[EventType "team-tourn"]
[EventRounds "9"]
[EventCountry "GER"]
[SourceTitle "EXT 2018"]
[Source "ChessBase"]
[SourceDate "2017.10.13"]
[SourceVersion "1"]
[SourceVersionDate "2017.10.13"]
[SourceQuality "1"]
[WhiteTeam "Nuernberg Zabo"]
[BlackTeam "Buechenbach/Roth III"]
[WhiteTeamCountry "GER"]
[BlackTeamCountry "GER"]

1. d4 c6 2. Nf3 d5 3. e3 Nf6 4. Bd3 Bg4 5. c3 Nbd7 6. Nbd2 e5 7. dxe5 Nxe5 8. Be2 Nxf3+ 9. Bxf3 Bxf3 10. Qxf3 Bd6 11. 0-0 0-0 12. e4 dxe4 13. Nxe4 Nxe4 14. Qxe4 Re8 15. Qf3 Qc7 16. g3 Re6 17. Be3 Rae8 18. Rad1 b6 19. Rd2 Rf6 20. Qg2 1/2-1/2

[Event "Nuremberg Zabo op 13th"]
[Site "Nuremberg"]
[Date "2011.09.17"]
[Round "2"]
[White "Weissmann, Peter"]
[Black "Wittmann, Paul"]
[Result "0-1"]
[WhiteElo "1706"]
[BlackElo "1987"]
[PlyCount "130"]
[EventDate "2011.09.16"]
[EventType "swiss"]
[EventRounds "5"]
[EventCountry "GER"]
[SourceTitle "EXT 2013"]
[Source "ChessBase"]
[SourceDate "2012.11.22"]
[SourceVersion "1"]
[SourceVersionDate "2012.11.22"]
[SourceQuality "1"]

1. e4 c6 2. d4 d5 3. e5 c5 4. c3 Nc6 5. Nf3 Bg4 6. Nbd2 e6 7. a3 cxd4 8. cxd4 Nge7 9. Qa4 Rc8 10. b4 a6 11. b5 axb5 12. Bxb5 Nf5 13. Bb2 Be7 14. 0-0 0-0 15. h3 Bxf3 16. Nxf3 Ra8 17. Qd1 Qb6 18. Qd3 Na7 19. a4 Nxb5 20. Qxb5 Ra6 21. Rfb1 Rfa8 22. g4 Qxb5 23. axb5 Rxa1 24. Rxa1 Rxa1+ 25. Bxa1 Nh4 26. Nxh4 Bxh4 27. Bc3 Kf8 28. f4 Ke8 29. f5 Kd7 30. Kf1 Kc7 31. Ba5+ Kd7 32. Ke2 f6 33. Kd3 Bf2 34. Bc3 Ke7 35. Bb4+ Kf7 36. Bd6 Bg1 37. fxe6+ Kxe6 38. Bf8 fxe5 39. dxe5 g6 40. Bg7 Bc5 41. Bf6 h5 42. gxh5 gxh5 43. Bg7 Ba3 44. Kc2 Be7 45. Kd3 Bg5 46. Kd4 Bc1 47. Kc3 Bf4 48. Kd4 Bg3 49. Bf6 Bf2+ 50. Kd3 Bc5 51. Bg7 Ba3 52. Kc2 Kf5 53. Bf6 Bd6 54. exd6 Kxf6 55. Kc3 Ke6 56. d7 Kxd7 57. Kd4 Kd6 58. b6 Kc6 59. Ke5 Kc5 60. h4 d4 61. Ke4 Kc4 62. Kf3 Kd3 63. Kf2 Kc2 64. Kf1 d3 65. Ke1 d2+ 0-1

[Event "Nuremberg Zabo op 13th"]
[Site "Nuremberg"]
[Date "2011.09.17"]
[Round "3"]
[White "Wittmann, Paul"]
[Black "Liepold, Stefan"]
[Result "1/2-1/2"]
[WhiteElo "1987"]
[BlackElo "2236"]
[PlyCount "55"]
[EventDate "2011.09.16"]
[EventType "swiss"]
[EventRounds "5"]
[EventCountry "GER"]
[SourceTitle "EXT 2013"]
[Source "ChessBase"]
[SourceDate "2012.11.22"]
[SourceVersion "1"]
[SourceVersionDate "2012.11.22"]
[SourceQuality "1"]

1. d4 Nf6 2. Bg5 c5 3. Nf3 cxd4 4. Qxd4 Nc6 5. Qa4 Qb6 6. Qb3 Qxb3 7. axb3 e6 8. Nbd2 d5 9. Bxf6 gxf6 10. e4 Nb4 11. 0-0-0 dxe4 12. Nxe4 Bh6+ 13. Kb1 Ke7 14. Bc4 f5 15. Nd6 Bf4 16. Nxc8+ Raxc8 17. c3 Nc6 18. Rhe1 Rhd8 19. Kc2 Rxd1 20. Rxd1 a6 21. Bf1 Bb8 22. Nd4 Ba7 23. Nxc6+ Rxc6 24. f3 h6 25. b4 Rc8 26. b5 a5 27. b3 Bc5 28. c4 1/2-1/2

[Event "Nuremberg Zabo op 12th"]
[Site "Nuremberg"]
[Date "2010.09.18"]
[Round "3"]
[White "Wagner, Florian"]
[Black "Wittmann, Paul"]
[Result "1-0"]
[WhiteElo "2269"]
[BlackElo "1993"]
[PlyCount "117"]
[EventDate "2010.09.17"]
[EventType "swiss"]
[EventRounds "5"]
[EventCountry "GER"]
[SourceTitle "EXT 2011"]
[Source "ChessBase"]
[SourceDate "2010.11.26"]
[SourceVersion "1"]
[SourceVersionDate "2010.11.26"]
[SourceQuality "1"]

1. e4 c6 2. d4 d5 3. f3 e6 4. Nc3 Nf6 5. e5 Nfd7 6. f4 c5 7. Nf3 Nc6 8. Ne2 Be7 9. c3 0-0 10. g3 f6 11. Bh3 f5 12. 0-0 b6 13. Ng5 Ndb8 14. Kh1 h6 15. Nf3 h5 16. Ng5 Qd7 17. Bg2 Ba6 18. Be3 g6 19. h3 Kg7 20. Bf3 Bc4 21. b3 Bxe2 22. Qxe2 Bxg5 23. fxg5 cxd4 24. cxd4 Qb7 25. Rac1 Nd7 26. Qb5 Rac8 27. Be2 Ndb8 28. Qa4 a6 29. Qa3 Qe7 30. Qb2 Rc7 31. Bd2 Rfc8 32. a3 Qd7 33. Bd3 Na7 34. Rce1 Rf8 35. Bb4 Rf7 36. Bd6 Rc8 37. a4 Qb7 38. b4 Rc6 39. b5 axb5 40. axb5 Rc8 41. Kg2 Rd8 42. Rh1 Nc8 43. Bb4 Rh8 44. Ref1 Qd7 45. Be2 Na7 46. Bd6 Qb7 47. Qb1 Nc8 48. Bb4 Qa7 49. g4 hxg4 50. hxg4 Ne7 51. Rxh8 Kxh8 52. Rh1+ Rh7 53. Rxh7+ Kxh7 54. Qh1+ Kg8 55. Qh6 Qa2 56. Kf2 Qb2 57. Bxe7 Qxd4+ 58. Kg2 Qxe5 59. Qxg6+ 1-0

[Event "Nuremberg Zabo op 11th"]
[Site "Nuremberg"]
[Date "2009.09.18"]
[Round "1"]
[White "Runte, Dirk"]
[Black "Wittmann, Paul"]
[Result "0-1"]
[WhiteElo "1577"]
[BlackElo "2037"]
[PlyCount "60"]
[EventDate "2009.09.18"]
[EventType "swiss"]
[EventRounds "5"]
[EventCountry "GER"]
[SourceTitle "EXT 2012"]
[Source "ChessBase"]
[SourceDate "2011.11.24"]
[SourceVersion "1"]
[SourceVersionDate "2011.11.24"]
[SourceQuality "1"]

1. Nf3 d5 2. d4 Nf6 3. g3 Bf5 4. Bg2 e6 5. c3 Be7 6. b3 0-0 7. 0-0 c5 8. Bb2 Nc6 9. Na3 Rc8 10. Nc2 Bxc2 11. Qxc2 cxd4 12. cxd4 Nxd4 13. Nxd4 Rxc2 14. Nxc2 Qb6 15. Bd4 Bc5 16. e3 Rd8 17. Rfc1 Nd7 18. b4 Bxd4 19. Nxd4 g6 20. a3 e5 21. Nb3 d4 22. Nc5 dxe3 23. fxe3 Nf6 24. Bxb7 Ng4 25. Rc3 Qf6 26. Ne4 Qb6 27. Nc5 Rd2 28. h3 Qf6 29. Ne4 Qf3 30. Rc8+ Kg7 0-1

[Event "Mittelfranken-chTB2b 0809"]
[Site "Mittelfranken"]
[Date "2008.12.07"]
[Round "3.1"]
[White "Wittmann, Paul"]
[Black "Sandner, Andreas"]
[Result "1/2-1/2"]
[WhiteElo "2007"]
[BlackElo "1719"]
[PlyCount "142"]
[EventDate "2008.10.12"]
[EventType "team"]
[EventRounds "9"]
[EventCountry "GER"]
[SourceTitle "EXT 2011"]
[Source "ChessBase"]
[SourceDate "2010.11.26"]
[SourceVersion "1"]
[SourceVersionDate "2010.11.26"]
[SourceQuality "1"]
[WhiteTeam "Nuernberg Zabo"]
[BlackTeam "Bechhofen II"]
[WhiteTeamCountry "GER"]
[BlackTeamCountry "GER"]

1. d4 d5 2. Nf3 Nf6 3. Bg5 c6 4. Bxf6 exf6 5. e3 Qb6 6. Qc1 Bg4 7. Nbd2 Nd7 8. h3 Bh5 9. Be2 Be7 10. a3 0-0 11. c4 Rfe8 12. 0-0 Rac8 13. c5 Qc7 14. Bd3 Bg6 15. Qc2 Bxd3 16. Qxd3 Rcd8 17. b4 a6 18. a4 Nf8 19. Rfb1 g6 20. b5 axb5 21. axb5 Ra8 22. Qb3 Ne6 23. Ra4 b6 24. Rxa8 Rxa8 25. bxc6 bxc5 26. Qxd5 Rd8 27. Qc4 Qxc6 28. Rc1 Qd5 29. Qxd5 Rxd5 30. e4 Nxd4 31. exd5 Ne2+ 32. Kf1 Nxc1 33. Nc4 Nd3 34. Nfd2 Ne5 35. Ke2 Nd7 36. Ne4 f5 37. Nc3 Bf6 38. Nb5 Kf8 39. Kd3 Ke7 40. Na7 Ne5+ 41. Nxe5 Bxe5 42. Kc4 Bd6 43. Nc8+ Kd7 44. Nb6+ Ke7 45. Na4 f4 46. f3 Kf6 47. Nxc5 Ke5 48. Nd3+ Kf5 49. Nf2 Ke5 50. Ne4 Be7 51. Nf2 Bd6 52. Ng4+ Kf5 53. Nh6+ Kf6 54. Kb5 Bf8 55. Ng4+ Kg5 56. Kc6 h5 57. Nh2 Kf5 58. d6 Ke5 59. d7 Be7 60. Kc7 Kd4 61. d8Q+ Bxd8+ 62. Kxd8 Ke3 63. Ke7 Kf2 64. Kxf7 Kxg2 65. Kxg6 Kxh2 66. h4 Kg3 67. Kxh5 Kxf3 68. Kg6 Kg3 69. h5 f3 70. h6 f2 71. h7 f1Q 1/2-1/2